000 00386pab a2200157 454500
008 180718b2005 xxu||||| |||| 00| 0 eng d
100 _aSarin, Madhu
245 _aScheduled tribes bill 2005: a comment
260 _c2005
300 _ap.2131-134.
362 _a21 May
650 _aScheduled tribes
650 _aTribes
773 _aEconomic and Political Weekly
909 _a65206
999 _c65206
_d65206